| 000 | 00569nam a2200193Ia 4500 | ||
|---|---|---|---|
| 005 | 20250508150746.0 | ||
| 008 | 008 250505s9999 xx 000 0 eng d | ||
| 037 | _aTextual | ||
| 040 |
_aFEDL _beng _cFEDL |
||
| 041 |
_aeng _2eng |
||
| 084 |
_a371.26, STO _qFEDL |
||
| 100 |
_aStouffer Samuel A...(et.al). _9757551 |
||
| 245 | 0 | _aMeasurement and prediction | |
| 260 |
_aPrinceton _bPrinceton University Press _c1950 |
||
| 300 | _ax,756p | ||
| 650 | _aEducational - Tests and Measurement | ||
| 942 |
_cTEXL _h371.26, STO |
||
| 999 |
_c1325492 _d1325492 |
||